| 000 | 00830nab a2200241 u 4500 | ||
|---|---|---|---|
| 001 | 11298 | ||
| 003 | HDC | ||
| 007 | cr bn ---aaaaa | ||
| 008 | 210206c9999 |r|noo 0 a eng d | ||
| 040 | _aHDC | ||
| 110 | _aBernama | ||
| 245 | 0 | _aThailand-Perlis Religious Authorities Cooperation Will Benefit Muslims - Raja Muda | |
| 260 |
_a[no place] : _b[publisher not identified], _c[no year] |
||
| 336 |
_atext _2rdacontent |
||
| 337 |
_acomputer _2rdamedia |
||
| 338 |
_aonline resource _2rdacarrier |
||
| 650 |
_aMuslim _zThailand _zPerlis _911600 |
||
| 650 |
_areligious authority _911599 |
||
| 856 | _zRequest full-text at [email protected] | ||
| 942 | _2lcc | ||
| 942 | _cNEWS | ||
| 942 | _kNWSO 001303 | ||
| 999 |
_c8621 _d8621 |
||